The busiest man in England (Record no. 189725)
[ view plain ]
| 000 -LEADER | |
|---|---|
| fixed length control field | 01954nam a2200361Ia 4500 |
| 082 04 - DEWEY DECIMAL CLASSIFICATION NUMBER | |
| Classification number | 821/.914 |
| 100 1# - MAIN ENTRY--AUTHOR NAME | |
| Personal name | Morton, Peter, |
| 245 14 - TITLE STATEMENT | |
| Title | The busiest man in England |
| 260 ## - PUBLICATION, DISTRIBUTION, ETC. (IMPRINT) | |
| Place of publication | Houndmills, Basingstoke, Hampshire ; |
| -- | New York : |
| Name of publisher | Palgrave Macmillan, |
| Year of publication | c2005. |
| 300 ## - PHYSICAL DESCRIPTION | |
| Number of Pages | xv, 251 p. : |
| Other physical details | ill. |
| 505 0# - FORMATTED CONTENTS NOTE | |
| Formatted contents note | Introduction : "the most hateful of professions?" -- 1. Canada and Oxford (1848-1873) -- 2. Jamaica (1873-1876) -- 3. Setting out the stall (1876-1880) -- 4. "A pedlar crying stuff" : selling the wares (1880-1889) -- 5. The stock in trade : writing science -- 6. The stock in trade : light fiction -- 7. The prosperous tradesman (1890-1895) -- 8. Dealing with the "dissenting grocer" -- 9. Retailing The woman who did -- 10. Last orders (1896-1899) -- Conclusion : "we of the proletariat..." |
| 650 #0 - SUBJECT ADDED ENTRY--TOPICAL TERM | |
| Topical Term | Authors, English |
| Topical Term | Authorship |
| 856 40 - ELECTRONIC LOCATION AND ACCESS | |
| Uniform Resource Identifier | http://site.ebrary.com/lib/rucke/Doc?id=10135576 |
No items available.
